000 00735pam a2200253 a 4500
001 534558
005 20180226042619.0
008 871201s1988 kyu b s001 0 eng
010 _a 87034548
020 _a0813116368 (alk. paper) :
_c$28.00
040 _aDLC
_cDLC
_dDLC
041 _aeng
043 _an-us---
080 _a338.16 mar
082 0 0 _a338.16 mar
_219
100 1 _a52
101 _aeco
245 1 0 _aFarm families & change in twentieth-century America /
_cMark Friedberger.
504 _aBibliography: p. [254]-277.
740 0 _aFarm families & change.
740 0 _aFarm families and change in twentieth-century America.
906 _a7
_bcbc
_corignew
_d1
_eocip
_f19
_gy-gencatlg
942 _2ddc
_cBK
999 _c43419
_d43419